000 00760nam a2200181Ia 4500
008 090630s9999 xx 000 0 und d
082 _b25714
100 _aचान्सरकर मधुसुदन
245 _aगीताप्रणीत अर्थरचना.
_cचान्सरकर मधुसुदन
260 _bसाहित्य प्रसार केंद्र - नागपूर.
_c1996
300 _a163
600 _aचान्सरकर मधुसुदन
630 _aगीताप्रणीत अर्थरचना.
655 _aइतर.
700 _aचान्सरकर मधुसुदन
730 _aगीताप्रणीत अर्थरचना.
942 _cBOOK
999 _c277570
_d277570